Ensayos histórico-sociales sobre la urbanización en América Latina /

Uloženo v:
Podrobná bibliografie
Hlavní autor: Hardoy, Jorge Enrique (comp.)
Další autoři: Morse, Richard M. (compilación) (compilación), Schaedel, Richard P. (compilación) (compilación)
Médium: Kniha
Jazyk:španělština
Vydáno: Buenos Aires, Argentina : SIAP : Consejo Latinoamericano de Ciencias Sociales, 1978, c1978
Témata:
Tagy: Přidat tag
Žádné tagy, Buďte první, kdo vytvoří štítek k tomuto záznamu!

MARC

LEADER 00000nam^a2200000^a^4500
001 000321261
005 20250521000000.0
009 20260310113537.181
037 |a Acervo Xavier Clavigero 
041 |a ESP 
082 |a 711. 40980  |b HAR 
100 |a Hardoy, Jorge Enrique  |e (comp.) 
245 1 0 |a Ensayos histórico-sociales sobre la urbanización en América Latina /  |c Comp. de J.E. Hardoy, R. Morse, R.P. Schaedel. 
264 4 |a Buenos Aires, Argentina :  |b SIAP :  |b Consejo Latinoamericano de Ciencias Sociales,  |c 1978, c1978 
300 |a 367 p. 
336 |a texto  |b txt  |2 rdacontenido 
337 |a sin mediación  |b n  |2 rdamedio 
338 |a volumen  |b nc  |2 rdasoporte 
649 |a XX 
650 |a Crecimiento Demográfico -  |z Latinoamérica 
650 |a Planeación Urbana -  |z Latinoamérica 
650 |a Zonas Urbanas -  |z Latinoamérica 
650 |a Desarrollo Urbano -  |z Latinoamérica 
650 |a Política Urbana -  |z Latinoamérica 
650 |a Cultura Urbana -  |z Latinoamérica 
650 |a Cartografía -  |z Latinoamérica 
650 |a Urbanismo -  |z Latinoamérica -  |x Tema Principal 
650 |a Sociología Urbana 
700 |a Morse, Richard M.  |e (compilación) 
700 |a Schaedel, Richard P.  |e (compilación) 
910 |a Fondo General 
920 |a Impresos - Libros 
930 |a Colección General 
905 |a 101 
901 |a 0500208480  |b IT1  |c ACC  |u 20250521 
902 |a https://opac.biblio.iteso.mx/vufind/Record/000321261